Quizzes
Events
Quiz Creation
Community
Videos
Private Events
Remove Ads
Sign In
Join for FREE
Feedback
Dark Mode
Quiz Categories
Sports
Geography
Music
Movies
Television
Just For Fun
Miscellaneous
History
Literature
Language
Science
Gaming
Entertainment
Religion
Holiday
For Kids
Quiz Lab
Recent
Popular Today
Quiz Kudos Today
Editor Picks
Curator Picks
Quizzes by...
Day
Popularity
Type
Ratings
Length
Year
Community
Subscriptions
Recent Discussions
Orange Saloon
Badges
Playlists
Quests
Create
Leaderboards
Showdown
Live 5
Trivia Bingo
Activity
Puzzle Library
Sporcle Events
Private Events
Virtual Trivia
Globe League
Become a Host
Pub Owners
SporcleCon
Opinionation
Our Games
Videos
Blog
Mobile Apps
Partnerships
Remove Ads and Go Orange
Feedback
Gaming
Video Games
Board Games
Card Games
Pokémon
Mario
Nintendo
Minecraft
Console
Toys
Legend of Zelda
Gaming
Video Games
Board Games
Card Games
Pokémon
Mario
Nintendo
Minecraft
Console
Toys
Legend of Zelda
Random Quiz
Search Sporcle
×
Quiz Lab
Quiz Lab
Gaming
Nintendo
Type in answers that appear in a list
Type in answers that appear in a list
Classic
Best Score? Go Orange.
108 Suikoden Questions Stats
Can you name the 108 questions based off the RPG series Suikoden?
By
RadShadow
20m
108 Questions
275 Plays
275 Plays
275 Plays
Comments
Comments
Give Quiz Kudos
Give Quiz Kudos
-
- Ratings
hide this ad
Forced Order
Answers have to be entered in order
Answers have to be entered in order
Replay
Link that replays current quiz
Next Quiz
Link to next quiz in quiz playlist
You Got
0%
They Got
Avg Score
47%
Avg Friend Score
Upgrade to see
Score Distribution
Jump to the score distribution portion of the page
Score
0/108
Timer
20:00
0
Plays Today
Question
Answer
% Correct
How many True Runes exist?
27
93.1%
Easy one. The Water Margin inspired what RPG series?
Suikoden
92.3%
Who had this True Rune before Tir?
Ted
89.8%
Refresh my memory, what does SoD stand for again?
Star of Destiny
88.7%
What villian does the party need this sword's services in order to vanquish?
Neclord
86.9%
Which True Rune does Tir eventually come to own?
Souleater
85.4%
What's the name of Flik's sword?
Odessa
85.4%
What's the last name of the series' favorite strategy family?
Silverberg
85%
Who is Leknaat's sister?
Windy
82.5%
Who is the first sword wielding SoD to join you in S1?
Viktor
82.1%
What's the name of that talking sword thing?
The Star Dragon Sword
81%
Who is the main character of Suikoden 2?
Riou
80.3%
What's Flik's nickname?
The Blue Lightning
79.9%
How many squirrels can you recruit in S2?
Five
78.8%
Who is the only family member (Question #10) to survive the events of S1?
Leon
76.6%
and which SoD does he kidnap?
Tengaar
76.3%
Which SoD in S2 wields the Falcon Rune?
Valeria
75.2%
Name the little girl who is the sole survivor of Luca Blight's attack on Toto village.
Pilika
72.3%
These sisters travel around with a fire breathing man, who is he?
Bolgan
71.9%
Who is the first person you fight in a duel in S2?
Flik
68.6%
Which character becomes the new Flame Champion in the Suikoden Manga?
Hugo
68.6%
What is the name of Futch's old dragon?
Black
67.5%
Who is the masked man in S3?
Luc
67.2%
What Sega console did the original game also get relased on?
Saturn
66.8%
and who is her rival?
Anita
66.1%
Nash is from what country?
Harmonia
65.3%
That sword is a True Rune incarnate. Which one?
The Night Rune
64.6%
What famous wizard did Mazus square off against?
Crowley
64.2%
Rina has a sister, who is she?
Eilie
64.2%
Of the three starting characters in S3, which is the only one that starts out with a True Rune?
Geddoe
64.2%
and what is his new dragon's name?
Bright
64.2%
The Masked Man is also traveling with a True Rune user, who is he?
Yuber
63.9%
and who was one of Victor's mercenaries who tried to protect this girl against Luca at the fortress, but tried trying.
Pohl
63.5%
Who was the captain of the Unicorn Brigade?
Rowd
61.7%
What about the name of Millie's pet?
Bonaparte
61.7%
What is the name of the investigator in S2?
Richmond
60.9%
Question
Answer
% Correct
What's the main characters name in S4?
Lazlo
60.6%
The adventures of Nash take place behinds the scenes in S2 during this spinoff series.
Suikogaiden
60.2%
and what True Rune does he eventually come to possess?
The Rune of Punishment
57.7%
Who kills Lulu?
Chris
57.3%
What race is Bob?
Lycanthrope
56.9%
What True Rune does the Blight family posses in S2?
The Beast Rune
56.9%
He has a Silverberg with him, who is he?
Albert
55.8%
What is Georg Prime's favorite kind of sweets?
Cheesecake
55.5%
In S4 what SoD can be recruited after collecting the other 107 SoDs?
Snowe
55.1%
What True Rune does Jimba possess?
True Water Rune
54.7%
What rune does Georg Prime have attached to his right hand?
Killer
54.4%
Their mother has a sister, who is she?
Sialeeds
54%
What area of the Suikoden world do the events of S5 take place?
Falena
53.6%
What is the name of the main character in S5?
Freyjadour
53.3%
Name the two characters that have appeared in every main Suikoden game.
Viki and Jeane
52.9%
His weapon, King Crimson either is or shares the same name of a weapon used by who?
Pesmerga
52.9%
What is Jimba's real name?
Wyatt
52.2%
Who posesses the Star Dragon Sword in Suikoden 3?
Edge
52.2%
What is Luca Blight's fathers name?
Agares
51.5%
Can you name one of the Octopi from S2?
Abizboah and Rulodia
50%
Which Suikoden broke tradition with its 4 party lineups?
Suikoden 4
49.6%
Who looks just like the main character and often inpersonates him during S5?
Roy
49.6%
Who inherits the Dragon Rune from Joshua?
Milia
48.9%
What is his sister's name?
Lymsleia
48.5%
What True Rune does he possess?
Eightfold Rune
48.2%
He was the King of what Dunan kingdom?
The Highlands
46.4%
What type of weapon does Bob use?
Bo
44.2%
You eventually come to find out that the man character is the son of who?
Lino En Kuldes
41.6%
Who is the only person in S1 who can not have their weapon sharpened to level 16?
Mace
39.8%
Who is the only Tenkai Star to never recive a form of a True Rune?
Thomas
39.1%
Another silverberg pops up in S4, who?
Elenor
39.1%
Who is the Falcon Rune user in S4?
Kika
36.1%
What is the name of the assassins group that Dolph is a part of?
Nether Gate
35.8%
What is Nash's last name?
Latkje
34.7%
Who is the main character of that game?
Kyril
34.7%
and who is her daughter?
Sharon
31.4%
Question
Answer
% Correct
What is the name of Mel's doll?
Branky
31%
Eventually this member of that group comes after Watari.
Ayame
31%
What system was the last Suikoden game on?
PSP
30.7%
The trinity system expands and adds a dog point of view late on, name that dog.
Koroku
30.3%
Name the civilization that has ties to the Rune of Change?
Sindar
29.9%
What is Joker's real name?
Wang
28.8%
and who is this person's father, who is also the chief of the warrior village?
Zorak
28.1%
and what is the name of these two fighters unite attack?
Rival Attack
27.7%
Who is Melville's dad?
Billy
27.4%
Who is the Tensoku star in S5?
Cathari
26.3%
She is a member of what organization?
Howling Voice Guild
26.3%
Who is the frenchy in S3?
Augustine
25.9%
Who is the commander of the Dragon Calvary?
Craig Laden
25.9%
and what is the name of Melville's band of young knights?
Saint Loa Knights
25.5%
Who is the 'Child of the Sea God?'
Troy
23.7%
Tensoku Stars usually have what rune?
Godspeed Rune
23.4%
What was the name of Suikoden Tactics as it was released in Japan?
Rhapsodia
23%
and what game does he show up in?
Suikoden 5
21.9%
What is the name of Jowy's step-
father?
Marcel
20.1%
Who is Colton's son?
Helmut
19%
The main character has another aunt, who is she?
Bernadette
17.9%
What character in S4 is most likely the creator of the Maximillian Knights?
Gary
17.5%
During the Futch, Franz and Fred bath scene, who does Fred compare to the other's pets?
Rico
17.2%
What SoD does the confessions on your ship in S4?
Keen
15.3%
What is the main character's name in Suikoden Tierkreis?
Sieg
15%
What organization did Watari work for prior to S3?
Kage
13.9%
What rune does he have permanently attached to his left hand in the game?
Swallow Rune
13.1%
What is the name of Albert and Caesar's dad?
George
12.8%
Who is the half brother of Manaril?
Shams
9.9%
Who is the only Tensoku Star that does not have this rune equipped to them?
Nash
9.5%
In the S4 demo, what is the main character's name?
Konami
8.4%
What other SoD uses this same rune?
Richard
8%
His name is German for what?
Victory
8%
The 108 characters you can recruit are not called SoDs in St, what are they called?
Starbearers
8%
What company produced the opening cinematics for S3?
GONZO
3.6%
What's the name of Zaj's gun sword?
Talgrund
3.3%
Quiz Playlist
Details
Report
Send in Message
Add To Playlist
Classic:
Type in answers that appear in a list
Forced Order:
Answers have to be entered in order
Last Updated: Feb 16, 2017
Quiz Scoreboard
CHALLENGE
Sign Up to Join the Scoreboard
Show All
Scores
Hide
Comments
May contain spoilers
Recently Published
One Thing in Common: World Cities II
by knightlancer
Geography
7m
Popular People in 1961
by mucciniale
History
6m
1-10 Letter E Words III
by El_Dandy
Language
2m
More to Explore
Quiz From the Vault
Featured Blog Post
Where Did the Easter Bunny Come From?
hide this ad
You Might Also Like...
Tags
Card Games Quiz
Nintendo Quiz
108 Stars
Playstation
Playstation2
psp
rpg
Strategy
suikoden
Today's Top Quizzes in Gaming
Browse Gaming
hide this ad
Today's Top Quizzes in Nintendo
Browse Nintendo
Top Contributed Quizzes in Gaming
1
Destiny 2 exotic weapons by perk icons
2
Who's on the WWE 2K24 Cover?
3
Windmill: Pokémon
4
Genshin Impact Logic Puzzle
5
Overwatch 2: Ultimate Ability Icons
6
Overwatch 2 Heroes by Selection Quote
7
Genshin murder mystery
8
Legendary or Exotic?
9
Overwatch Logic Puzzle
10
Genshin Impact Logic Puzzle Quiz II
Explore More
Trending Topics
Crossword
Kpop
Disney
Anime
Marvel
NBA
Harry Potter
The Office
Soccer
Pokémon
Song
Country
NFL
WWE
Puzzle
hide this ad
More By:
RadShadow
Quiz
Plays
Rating
Category
Featured
Created
NBA Dual MVP Winners
164,408
4.47
Sports
Jun 1, 2013
RPG Characters 1st Skill
2,252
4.07
Gaming
Apr 20, 2013
Final Fantasy Blitz: Job Match
2,243
2.47
Gaming
Jun 24, 2014
2011-12 NBA CHAMPIONS Miami Heat 15 Man Roster
1,987
3.43
Sports
Jan 1, 2012
Let's Play Through: Final Fantasy 4
1,670
4.25
Gaming
Jul 12, 2014
Go to Creator's Profile
Score Distribution
Quiz Creator Spotlight
RadShadow
Follow
Send a Message
Quizzes Created
-
Created Quiz Play Count
-
More By This Creator
Popular Quizzes Today
1
Find the US States - No Outlines Minefield
2
The Countries of the World
3
Popular People in 1961
4
Find the Countries of Europe - No Outlines Minefield
5
1-10 Letter E Words III
6
Find the US States
7
One Thing in Common: World Cities II
8
US States
More Gaming Quizzes
'Horizon Zero Dawn' Machines (Slideshow)
Quiz Lab
Trending Quizzes
Country Music Stars Doing Things
Get the Picture: Carrie or Dolly
1-10 Letter F Words
1-10 Letter G Words
Risky Map Clicking: Next State Alphabetically
Recently Updated
Leaping Animals
pecheneg
Reality TV Shows (A-Z)
bhenderson79
Rickey Henderson's Hall of Fame Teammates
pecheneg
Champions League XIs: Arsenal
pecheneg
Quick Pick: Celebrities in WWE's Hall of Fame
aduchscher
A-Z Keypad Blitz II
pecheneg
Multiple Oscar Actors
pecheneg
Mystery Phrase Blitz: Oscar 'Best Actors'
pecheneg
F. Scott Fitzgerald Novels
LTH
Pick 3 Villains
ddd62291
Trending Topics
Harry Potter
Disney
Crossword
Anime
Kpop
NBA
Marvel
Song
WWE
Soccer
The Office
Country
Puzzle
Pokémon
NFL
Your Account Isn't Verified!
In order to create a playlist on Sporcle, you need to verify the email address you used during registration. Go to your
Sporcle Settings
to finish the process.
Report this User
Report this user for behavior that violates our
Community Guidelines
.
Details:
Send Report
Go to the Sporcle.com Mobile Site →
Comments